000
00229 a2200097 4500
001
46917
100
_a
Darby P
245
_a
British defence policy east of Suez
260
_a
London
_b
Oxford university
_c
090
_c
29996
_d
29996
942
_a
NUST-CAE
_c
M
_c
22219
999
_c
281990
_d
281990